Thí nghiệm phân tích thực phẩm
Nội dung bao gồm các thí nghiệm bằng phương pháp quang phổ và các phương pháp sắc ký trong việc phân tích thực phẩm
Đã lưu trong:
| Príomhúdar: | |
|---|---|
| Formáid: | Leabhar |
| Teanga: | Undetermined |
| Foilsithe: |
Thành phố Hồ Chí Minh
Đại học Quốc gia Thành phố Hồ Chí Minh
2007
|
| Ábhair: | |
| Clibeanna: |
Cuir Clib Leis
Gan Chlibeanna, Bí ar an gcéad duine leis an taifead seo a chlibeáil!
|
| Thư viện lưu trữ: | Trung tâm Học liệu Trường Đại học Cần Thơ |
|---|
| LEADER | 00883nam a2200217Ia 4500 | ||
|---|---|---|---|
| 001 | CTU_140680 | ||
| 008 | 210402s9999 xx 000 0 und d | ||
| 020 | |c 22000 | ||
| 082 | |a 664.07 | ||
| 082 | |b L104 | ||
| 100 | |a Trần, Bích Lam | ||
| 245 | 0 | |a Thí nghiệm phân tích thực phẩm | |
| 245 | 0 | |c Trần Bích Lam | |
| 260 | |a Thành phố Hồ Chí Minh | ||
| 260 | |b Đại học Quốc gia Thành phố Hồ Chí Minh | ||
| 260 | |c 2007 | ||
| 520 | |a Nội dung bao gồm các thí nghiệm bằng phương pháp quang phổ và các phương pháp sắc ký trong việc phân tích thực phẩm | ||
| 650 | |a Food,Food safety,Thực phẩm,An toàn thực phẩm | ||
| 650 | |x Analysis,Phép phân tích | ||
| 904 | |i Q. Hiếu | ||
| 980 | |a Trung tâm Học liệu Trường Đại học Cần Thơ | ||